| 000 | 00564cam a2200169 a 4500 | ||
|---|---|---|---|
| 999 |
_c2015 _d2015 |
||
| 020 | _a1561340596 | ||
| 050 | 0 | 0 |
_aHC106.7 _b.T34 |
| 245 | 0 | 0 |
_aTaking sides. _cedited, selected, and with introduction by Thomas R. Swartz and Frank J. Bonello. |
| 250 | _a6th ed. | ||
| 260 |
_aGuilford, Conn. : _bDushkin Pub. Group, _cc1993. |
||
| 300 |
_axxix, 372 p. : _bill ; _c24 cm. |
||
| 500 | _aIncludes index. | ||
| 505 | _aMicroeconomic issues -- Macroeconomic issues -- International issues. | ||
| 700 | 1 | _aSwartz, Thomas R. | |
| 700 | 1 | _aBonello, Frank J. | |
| 942 | _cBK | ||